TOP 10 piosenek - Kizo - Statystyki

Ogólne statystyki
  • Ten quiz został rozwiązany 761 razy
    670 od ostatniego zresetowania
  • Średni wynik to 3 z 10
Statystyki odpowiedzi
# views utwór % Poprawnych
1 68 mln DISNEY
97%
5 35 mln LUCKY PUNCH
39%
8 25 mln FITNESS
38%
3 36 mln CZEMPION
36%
2 58 mln @ (małpa)
16%
7 30 mln ŻYCIE JEST PIĘKNE
14%
9 25 mln jumper
10%
4 36 mln jolka
8%
10 24 mln Skiety&Klapki
8%
6 31 mln kwit
7%
Nie znaleziono quizów pasujących do podanych kryteriów
Rozkład punktacji
Procent ludzi z każdym wynikiem
Percentyl według liczby udzielonych odpowiedzi
Twoja historia wyników
Nie rozwiązałeś tego quizu od ostatniego zresetowania